Itineraris : Bigues i Riells : Vallès Oriental Bigues i Riells :
Publicado:
[Barcelona] :
Diputació de Barcelona, Xarxa de Municipis, Oficina Tècnica de Turisme, DL 2001
Descripción Física:
[5] p. : il. col., fot. ; 21 cm
MARC
| LEADER | 00000nam a2200000Ia 4500 | ||
|---|---|---|---|
| 001 | 15204 | ||
| 008 | 160829s9999 xx 000 0 cat d | ||
| 080 | |a FU-35-29 | ||
| 245 | |a Itineraris : |b Bigues i Riells : |b Vallès Oriental | ||
| 260 | |a [Barcelona] : |b Diputació de Barcelona, Xarxa de Municipis, Oficina Tècnica de Turisme, DL 2001 | ||
| 300 | |a [5] p. : |b il. col., fot. ; |c 21 cm | ||
| 590 | |a A la portada: Ajuntament de Bigues i Riells. | ||
| 590 | |a Inclou mapa de la zona | ||
| 650 | |a Bigues i Riells |x Guies |9 20886 | ||
| 650 | |a Bigues i Riells |x Circuits turístics |9 20887 | ||
| 650 | |a Sant Miquel del Fai |x Circuits turístics |9 20888 | ||
| 710 | |a Barcelona (Catalunya : Província). |b Oficina Tècnica de Turisme |9 53579 | ||
| 710 | |a Bigues i Riells (Catalunya). |b Ajuntament |9 55461 | ||
| 901 | |a Arxiu | ||
| 942 | |n 1 | ||
| 952 | |0 0 |1 0 |4 0 |6 FU3529 |7 1 |9 41728 |a Arxiu |b Arxiu |d 2016-12-01 |l 0 |o FU-35-29 |p 15204 |r 2016-12-01 00:00:00 |w 2016-12-01 |y ARXIU | ||
| 999 | |c 43618 |d 43618 | ||